| 000 | 00954nam a22002417a 4500 | ||
|---|---|---|---|
| 005 | 20230713054657.0 | ||
| 008 | 230125b |||||||| |||| 00| 0 eng d | ||
| 020 | _a978-621-04-0277-3 | ||
| 082 | _aFil. 371.9 F771 2020 | ||
| 100 |
_aHalal, Cristina A. _eauthor |
||
| 245 |
_aFoundations of special and inclusive education / _cCristina Nieves Aligada-Halal, Marie Rose A. Yuzon, Cristina Rowena S. Padilla, Clarissa Carmelita Mariano-Ligan; Greg Tabios Pawilen, coordinator |
||
| 250 | _a1st ed. | ||
| 260 |
_aQuezon City: _bRex Book Store Publishing, _cc2020. |
||
| 300 |
_aviii, 157p.; _bill. |
||
| 504 | _aIncludes references and index | ||
| 541 | _e6784 c.1, 6785 c.2, 6786 c.3 | ||
| 650 | _aSpecial education | ||
| 650 | _aInclusive education | ||
| 700 |
_aYuzon, Marie Rose A. _eauthor |
||
| 700 |
_aPadilla, Cristina Rowena S. _eauthor |
||
| 700 |
_aLigon, Clarissa Carmelita M. _eauthor |
||
| 700 |
_aPawilen, Greg T. _ecoordinator |
||
| 999 |
_c658 _d658 |
||